| 000 | 00589nam a2200217Ia 4500 | ||
|---|---|---|---|
| 005 | 20250425161424.0 | ||
| 008 | 250425s9999 xx 000 0 und d | ||
| 041 | _aeng | ||
| 082 | _a519.4 | ||
| 100 | _aGEAR, C. WILLIAM | ||
| 245 | 0 | _aNUMERICAL INITIAL VALUE PROBLEMS IN ORDINARY DIFFERENTIAL EQUATIONS | |
| 250 | _aS.E. | ||
| 260 | _aENGLEWOOD | ||
| 260 |
_aEstados Unidos _bPRENTICE-HALL _c1971 |
||
| 300 | _a253 | ||
| 650 | _aECUACIONES DIFERENCIALES-PROCESAMIENTO DE DATOS | ||
| 650 | _aEXTRAPOLACION | ||
| 650 | _aINTEGRACION NUMERICA | ||
| 942 | _c01 | ||
| 010 | _a19954 | ||
| 999 |
_c208933 _d208933 |
||